Badly Described 2024 Films - Statistics

General Stats
  • This quiz has been taken 60 times
  • The average score is 7 of 20
Answer Stats
Hint Answer % Correct
Making tennis sexy Challengers
76%
Disney introduces new emotion: Boredom! Inside Out 2
73%
3 hour musical shocks everyone by saying it needs a part two... Wicked
65%
Surely it's easier to just not drive into every tornado you see? Twister
55%
You are literally Demi Moore, why would you ever want to be anyone else? The Substance
47%
Sex worker screams at Russians on-and-off for about 2 hours. Anora
43%
What if Dracula was sexy? Nosferatu
43%
He's not the Lisan Al-Gaib, he's a very naughty boy! Dune: Part Two
39%
Loveable bear is guided back home by Antonio Banderas Paddington in Peru
37%
The terrorizer of New York and the terrorizer of Tokyo clash for the ultimate reason: A studio cash-grab. Godzilla x Kong: The New Empire
35%
Latvian Cat wins an Oscar using PS2 Graphics Flow
31%
Selena Gomez steals the show with her impeccable Spanish speaking skills Emilia Pérez
29%
Why are there so many handjob scenes in a film about a struggling architect? The Brutalist
24%
Borat's daughter is now playing Trump's daughter The Apprentice
18%
Epstein Island Allegory Blink Twice
14%
The (god)Father of Mafia films sinks his entire fortune into making a masterpiece leaving everyone muttering nervously 'I just don't get it.' Megalopolis
12%
The Avengers for folk fans A Complete Unknown
8%
Legacy sequel gives titular character more than 15 minutes of screentime this time around. Beetlejuice Beetlejuice
6%
"Lesbian B-movie" where the macguffin is a dildo in the mould of Matt Damon's... Drive-Away Dolls
4%
How getting a body-builder girlfriend solved all my problems Love Lies Bleeding
4%
No matching quizzes found
Score Distribution
Percent of People with Each Score
Percentile by Number Answered
Your Score History
You have not taken this quiz